00823cam a22002171 4500001001300000003000400013005001700017008004100034010001700075035001900092040002100111050001600132100003300148245016500181260011600346300003000462440003000492504003100522651003500553999001700588ne 64003200 DLC20260227111807.0810828m19639999sy ac b 000 0 arar  ane 64003200  a(OCoLC)7710329 aDLCcTUdTUdDLC00aDS99.M2bJ81 aJundī, Muḥammad Salīm.10aTārīkh Maʻarrat al-Nuʻmān,c[taʼlīf] Muḥammad Salīm al-Jundī. Haqqaqahu waʻallaqa alayh wa-wa-ḍaʻa fahārisahū ʻOmar Riḍa Kaḥalah. aDimashq [Syria]bWazarat al-thaqafah wa-al-Irshad al-Qawmī, Mudīrīyat al-taʼlīf wa-al-tarjamah.c1963- av.billus., port.c26 cm. 0aSilsilat bilādinā,v4 aBibliographical footnotes. 0aMaʻarrat al-Nuʻmān (Syria) c47658d47658